00274nam a2200109Ia 450000500170000000800410001710000200005824500440007826000160012230000110013865000150014920260328101518.0260328s9999||||xx |||||||||||||| ||und|| aCiceri, Angelo  0aLa Cathedrale de Milan /cAngelo Ciceri bTous Droits a160 p. aEDAD MEDIA